000 00562nmm a2200169Ia 4500
008 251105s9999||||xx |||||||||||||||||und||
020 _a9789560101563
041 _aspa
100 _aCastagneto, Piero
245 0 _aCartas de la Escuadra : la campaña naval de 1879 relatada por el corresponsal de "El Mercurio"
264 _a[Santiago de Chile, Chile] :
_bRil editores,
_c2015
300 _a314 páginas
490 _aRegistro
650 _aHistory of the Americas: Latin America
856 _uhttps://public.digitaliapublishing.com/a/37321
942 _cCF
999 _c93671
_d93671